000 00878nam a2200265Ia 4500
003 OSt
005 20221005105706.0
006 a|||||r|||| 00| 0
007 ta
008 221004b |||||||| |||| 00| 0 hin d
020 _a8181432061 (hbk)
_c150
024 _a7084
037 _b93, 05/09/2013, Vani Prakashan
_cTextual
040 _aCRL
_cCRL
_bhin
041 _2hin
_ahin
082 _aO152,1:g, P4
100 _aनरेश
245 0 _aहिन्दी गजल - दशा और दिशा
246 _aHindī gajal - dashā aur dishā
260 _aनई दिल्ली
_bवाणी प्रकाशन भारत
_c2004
300 _a94पृ0
_ccm.
650 _aहिन्दी साहित्य
942 _hO152,1:g, P4
_cTEXL
_2cc
999 _c1016590
_d1016590